00621nam a2200181Ia 4500003000400000008004100004040001600045082001800061100002200079245007000101260008900171300002400260490000500284650002800289650003000317650004500347650004700392GCL140319s9999 xx 000 0 ara d aGCL / cGCL04a813.01bى ع1 aيوسف جوهر10aعاصفة على شجرة العائلة / cيوسف جوهر aالقاهرة : bالهيئة المصرية العامة للكتاب ، c1989 a167 ص ؛ c19 سم a04aالادب العربى04aالقصص العربية04aالقصص العربية القصيرة04aالقصص العربية المترجمة